Guess the name of the movies - Statistics

General Stats
  • This quiz has been taken 80 times
  • The average score is 6 of 16
Answer Stats
Picture Answer % Correct
Avatar
95%
The dark knight
77%
8 mile
69%
The pianist
60%
Hunger games
52%
Shutter Island
37%
Million dollar baby
35%
The boy in the striped pyjamas
32%
Inception
27%
Prisoners
21%
The impossible
16%
The bone collector
8%
The pursuit of hapiness
8%
The book thief
5%
The rise of planet of the apes
5%
Freedom writers
3%
No matching quizzes found
Score Distribution
Percent of People with Each Score
Percentile by Number Answered
Your Score History
You have not taken this quiz